Normal view
MARC view
- Seoane Pascual, Marina,
Entry Nombre Personal
001 - NUMERO DE CONTROL
- campo de control: 36601
003 - IDENTIFICADOR DE NUMERO DE CONTROL
- campo de control: UPN
005 - FECHA Y HORA DE LA ÜLTIMA TRANSACCIÓN
- campo de control: 20210219194516.0
008 - DATOS DE LONGITUD FIJA
- campo de control de longitud fija: nabaccnnaabn|||||||||| b |nc|||||d
035 ## - NUMERO DE CONTROL
- Número de control: UPN11000008708
040 ## - FUENTE DE CATALOGACIÓN
- Lenguaje de catalogación: SPA
- Agencia de transcripción: UPN
100 1# - ENCABEZAMIENTO - NOMBRE PERSONAL
- Nombre personal: Seoane Pascual, Marina,
- Fechas asociadas con el nombre: 1957-
670 ## - FUENTE EN LA QUE SE LOCALIZARON DATOS
- Cita de la fuente: LC
680 ## - NOTA PUBLICA DE ACCESO PÚBLICO
- Frase explicativa de la referencia: Española es Licenciada en escultura por la Facultad de Bellas Artes de Madrid, 1980. Empieza su trayectoria profesional como ilustradora en el año 1980; ha colaborado con más de cuarenta editoriales españolas y extranjeras, estudios de diseño y organismos oficiales, ilustrado alrededor de 250 libros, publicado como escritora cinco cuentos, elaborado diversos carteles de animación a la lectura, realizado once exposiciones individuales y numerosas exposiciones colectivas.
902 ## - CATALOGADOR
- Catalogador: MITM/270215
